مكتبة جامعة عجلون الوطنية

فهرس بحث المكتبة

Normal view MARC view
  • الطلاب المعوقين- اساليب التدريس-استراتيجية التعلم- التربية الخاصة

Entry Topical Term

Number of records used in: 1

001 - CONTROL NUMBER

  • control field: 62057

003 - CONTROL NUMBER IDENTIFIER

  • control field: JO-AjAnu

005 - DATE AND TIME OF LATEST TRANSACTION

  • control field: 20230606084133.0

008 - FIXED-LENGTH DATA ELEMENTS

  • fixed length control field: 230606|| aca||aabn | a|a d

040 ## - CATALOGING SOURCE

  • Original cataloging agency: JO-AjAnu
  • Transcribing agency: JO-AjAnu

150 ## - HEADING--TOPICAL TERM

  • Topical term or geographic name entry element: الطلاب المعوقين- اساليب التدريس-استراتيجية التعلم- التربية الخاصة

670 ## - SOURCE DATA FOUND

  • Source citation: Work cat.: (JO-AjAnu)31649: الخطيب،جمال، م. مشارك منى الحديدي, author 62056, تعليم الطلبة ذوي الاعاقة : دليل المعلم